LEADER 01106nam0 22003133i 450 001 SBL0468701 005 20231121125825.0 010 $a8813139233 020 $aIT$b742052 100 $a20160725d1973 ||||0itac50 ba 101 | $aita 102 $ait 181 1$6z01$ai $bxxxe 182 1$6z01$an 200 1 $a˜Il œfalso processuale$fEttore Gallo 210 $aPadova$cCEDAM$d1973 215 $aXVI, 319 p.$d24 cm. 225 | $aCollana di studi penalistici$i. N. S$v9 410 0$1001CFI0017533$12001 $aCollana di studi penalistici$i. N. S$v9 606 $aDiritto penale$2FIR$3RMLC090049$9I 700 1$aGallo$b, Ettore$3VIAV000369$4070$0224705 801 3$aIT$bIT-01$c20160725 850 $aIT-FR0098 899 $aBiblioteca Area Giuridico Economica$bFR0098 912 $aSBL0468701 950 0$aBiblioteca Area Giuridico Economica$d 53DSG CED16/1.009$e 53VM 0000225015 VM barcode:19699-10. - Inventario:2750VM$fA $h20010423$i20121204 977 $a 53 996 $aFalso processuale$9562074 997 $aUNICAS